| 000 | 01284nam a2200373 4500 | ||
|---|---|---|---|
| 001 | 191 | ||
| 003 | OSt | ||
| 005 | 20250528074014.0 | ||
| 008 | 250131b |||||||g |||| 00| 1 eng d | ||
| 020 | _a8526212451 | ||
| 040 | _bpor | ||
| 041 |
_heng _apor |
||
| 082 |
_a028.5 _bD314rc |
||
| 100 | 1 |
_aDefoe, Daniel, _d1661?-1731 _9347 |
|
| 240 | _aRobinson Crusoé | ||
| 245 |
_aRobinson Crusoé: _bA conquista do mundo numa ilha / _cDefoe, Daniel ; Tradução e adaptação de Werner Zotz |
||
| 250 | _a15° edição | ||
| 260 |
_aSão Paulo _bScipione _c1996 |
||
| 300 | _a112 p. | ||
| 490 | 1 | _aReencontro | |
| 520 | _aRobinson era um jovem marinheiro inglês. Ao viajar para a África, seu navio é colhido por uma tempestade e naufraga. Toda a tripulação morre, com exceção do jovem, que se refugia numa ilha deserta. Lá ele defronta-se com as dificuldades de uma existência primitiva. | ||
| 650 | 0 |
_aLiteratura Inglesa _989 |
|
| 650 | 0 |
_aAdaptação _9788 |
|
| 650 | 0 |
_aInfantojuvenil _9200 |
|
| 650 | 0 |
_aAventura _947 |
|
| 650 | 0 |
_aViagens _9189 |
|
| 650 | 0 |
_aClássicos _977 |
|
| 650 | 0 |
_aFilme _926 |
|
| 655 | 0 |
_aRomance _923 |
|
| 655 | 0 |
_aFicção _922 |
|
| 700 |
_aWerner Zotz _eTradutor _eAdaptação _9351 |
||
| 830 |
_aReencontro _9246 |
||
| 942 |
_2ddc _n0 _cBK |
||
| 999 |
_c191 _d191 |
||